De quelle nationalité sont ces footballeurs ? Carte Quiz - Statistiques

Statistiques générales
  • Ce quiz a été pris 1 999 fois
  • Le résultat moyen est 16 sur 20
Réponses sur la Carte
Les réponses sont colorées sur une échelle allant du rouge au vert en fonction du pourcentage des utilisateurs qui les ont devinées à leur premier essai. Vous pouvez retrouver ces pourcentages ci-dessous.
 
Statistiques - réponses
Réponse % Correct
Cristiano Ronaldo
91%
Kylian Mbappé
88%
Gianluiggi Buffon
86%
Pelé
83%
Sergio Ramos
82%
Harry Kane
81%
Erling Haaland
80%
Heung Min Son
80%
Lionel Messi
80%
Kevin De Bruyne
79%
Sadio Mané
79%
Mohamed Salah
78%
Manuel Neuer
77%
Roy Keane
77%
Keylor Navas
76%
Robert Lewandoski
73%
Virgil van Dijk
73%
Luka Modric
69%
Zlatan Ibrahimović
68%
Jan Oblak
54%
Aucun quiz correspondant
Distribution des résultats
% des personnes avec chaque résultat
Percentile par nombre de réponses
Votre historique - résultats
Vous n’avez pas pris ce quiz